Chile, voluntad de ser

Guardat en:
Dades bibliogràfiques
Autor corporatiu: Comité Permanente de los Obispos de Chile
Format: Llibre
Idioma:espanyol
Publicat: Santiago, Chile Paulinas 1968
Matèries:
Etiquetes: Afegir etiqueta
Sense etiquetes, Sigues el primer a etiquetar aquest registre!

MARC

LEADER 00000nam a2200000 a 4500
001 UCS5262
003 CL-VaPUC
005 20210407001148.0
008 970830e19680000CL |||||||||||||||||spa|d
999 |c 261869  |d 261867 
040 |c Pontificia Universidad Católica de Valparaíso 
082 0 4 |a 261.1 COM 1968  |2 21 
110 2 |a Comité Permanente de los Obispos de Chile  |9 391123 
245 1 0 |a Chile, voluntad de ser 
260 0 3 |a Santiago, Chile  |b Paulinas  |c 1968 
300 |a 51 páginas. 
500 |a Donación Padres Capuchinos 
583 |a last modification  |c 19970830 00:00:00  |k Rodrigo Vera 
650 0 |a Cristianismo  |9 257361 
650 0 |a Problemas sociales  |9 258537 
650 7 |a EVANGELIZACION  |2 CL-VaPUC  |9 391124 
650 0 |a Teología   |9 258766 
942 |c BK  |2 ddc 
945 |d 19970830 00:00:00  |a jquezada 
952 |0 0  |1 0  |2 ddc  |4 0  |6 261_100000000000000_COM_1968  |7 0  |8 A  |9 289751  |a BIBDER  |b BIBDER  |d 2019-11-19  |i 3331490  |o 261.1 COM 1968  |p 3331490  |r 2023-01-25  |t 1  |w 2019-11-19  |y MX  |k DER 
952 |0 0  |1 0  |2 ddc  |4 0  |6 261_100000000000000_COM_1968  |7 0  |8 A  |9 289752  |a BIBTEO  |b BIBTEO  |d 2019-11-19  |i 3171280  |o 261.1 COM 1968  |p 3171280  |r 2025-01-17  |t 4  |w 2019-11-19  |y BK  |k ICR 
952 |0 0  |1 0  |2 ddc  |4 0  |6 261_100000000000000_COM_1968  |7 0  |8 X  |9 289753  |a FDOBUD  |b FDOBUD  |d 2019-11-19  |i 4443993  |o 261.1 COM 1968  |p 4443993  |r 2019-11-19  |t 2  |w 2019-11-19  |y BK_X  |k BUD 
952 |0 0  |1 0  |2 ddc  |4 0  |6 261_100000000000000_COM_1968  |7 0  |8 X  |9 289754  |a FDOBUD  |b FDOBUD  |d 2019-11-19  |i 4444000  |o 261.1 COM 1968  |p 4444000  |r 2019-11-19  |t 3  |w 2019-11-19  |y BK_X  |k BUD